| 000 | 00958cam a2200265 a 4500 | ||
|---|---|---|---|
| 001 | 15035778 | ||
| 005 | 20250313110622.0 | ||
| 008 | 071005s2009 maua b 001 0 eng | ||
| 020 | _a9780073405063 (alk. paper) | ||
| 020 | _a007340506X (alk. paper) | ||
| 050 | 0 | 0 |
_aHD62.7 _b.K385 2009 |
| 082 | 0 | 0 |
_a658.02/2 _222 |
| 100 | 1 | _aKatz, Jerome A. | |
| 245 | 1 | 0 |
_aEntrepreneurial small business / _cJerome A. Katz, Richard P. Green. |
| 250 | _a2nd ed. | ||
| 260 |
_aBoston : _bMcGraw-Hill Irwin, _cc2009. |
||
| 300 |
_a1 v. (various pagings) : _bcol. ill. ; _c29 cm. |
||
| 650 | 0 |
_aSmall business _xManagement. |
|
| 650 | 0 |
_aNew business enterprises _xManagement. |
|
| 650 | 0 | _aEntrepreneurship. | |
| 700 | 1 | _aGreen, Richard P. | |
| 856 | 4 | 2 |
_3Publisher description _uhttp://www.loc.gov/catdir/enhancements/fy0803/2007041502-d.html |
| 856 | 4 | 1 |
_3Table of contents only _uhttp://www.loc.gov/catdir/enhancements/fy0803/2007041502-t.html |
| 942 |
_2lcc _cBK _n0 |
||
| 999 |
_c4746 _d4746 |
||